Vignettes From an Odyssey/ (Record no. 212602)

MARC details
000 -LEADER
fixed length control field 00540nam a22001937a 4500
005 - DATE AND TIME OF LATEST TRANSACTION
control field 20250724154959.0
010 ## - LCCN (DPL NO)
LC control number ENG-146143
020 ## - INTERNATIONAL STANDARD BOOK NUMBER
Terms of availability 350.00
International Standard Book Number 9789348892348
035 ## - SYSTEM CONTROL NUMBER
System control number EN-129675
037 ## - SOURCE OF ACQUISITION
Source of stock number/acquisition DBAD
082 ## - DEWEY DECIMAL CLASSIFICATION NUMBER
Classification number 881
Edition number 1
100 ## - MAIN ENTRY--PERSONAL NAME
Personal name Ghosh, Papia
245 ## - TITLE STATEMENT
Title Vignettes From an Odyssey/
Statement of responsibility, etc Papia Ghosh
250 ## - EDITION STATEMENT
Edition statement 1
260 ## - PUBLICATION, DISTRIBUTION, ETC. (IMPRINT)
Place of publication, distribution, etc Kolkata
Name of publisher, distributor, etc Exceller Books
Date of publication, distribution, etc 2024
270 ## - ADDRESS
Address G1 Dream Apartment, Degree College Road
City Belgharia,Kolkata
300 ## - PHYSICAL DESCRIPTION
Extent 78p.
Dimensions 22cm(pb)
942 ## - ADDED ENTRY ELEMENTS (KOHA)
Source of classification or shelving scheme Dewey Decimal Classification
Item type English Books
Call number suffix GHO
Classification part 881
Holdings
Withdrawn status Lost status Not for loan Collection code Home library Current library Date acquired Source of acquisition Cost, normal purchase price Full call number Barcode Copy number Cost, replacement price Koha item type
    Not For Loan Non-fiction D.B.Act.Division D.B.Act.Division 24/07/2025 Delivery of Books Act Division 350.00 GHO 881 EN-129675 1 350.00 English Books

© Delhi Public Library
Hit Counter
free hit counter